000 01487nam a2200445 i 4500
001 13832
003 KOSZ 005
005 20240405063019.0
008 071029s1971 pl |000 0 pol
015 _aPB 1971/7667
035 _a(OCoLC)69578198
040 _aWA N
_cWA N
_dKOSZ 005/HR
041 0 _apol
_beng
_brus
080 _a37.015:316
080 _a373.5(438)
080 _a377(438)
080 _a37.091.2-057.16
100 1 _aHurwic-Nowakowska, Irena
_d(1912-2006).
_eAutor
245 1 0 _aSzkoła współczesna w świetle statystyki i opinii nauczycieli /
_cIrena Nowakowska ; Instytut Filozofii i Socjologii Polskiej Akademii Nauk.
260 _aWarszawa :
_bPaństwowe Wydawnictwo Naukowe,
_c1971.
300 _a126, [2] s. ;
_c18 cm.
336 _2rdacontent
_aTekst
_btxt
337 _2rdamedia
_aBez urządzenia pośredniczącego
_bn
338 _2rdacarrier
_aWolumin
_bnc
380 _aKsiążki
388 _a1901-2000
388 _a1945-1989
546 _aStreszcz. ang., ros.
648 4 _a1901-2000
648 4 _a1945-1989
650 4 _aSocjologia
650 4 _aSzkolnictwo
650 4 _aNauczyciele
651 _aPolska
658 _aEdukacja i pedagogika
658 _aSocjologia i społeczeństwo
710 _aPaństwowe Wydawnictwo Naukowe
856 _uhttp://koha.tu.koszalin.pl/cgi-bin/koha/opac-detail.pl?biblionumber=13832
_yKatalog online BPK
942 _2UKD
_cKS
999 _c13832
_d13832